| 000 | 00725nam a22001337a 4500 | ||
|---|---|---|---|
| 040 | _cRUA | ||
| 082 | _aVEM CHE 2015 B481 Or.1 | ||
| 100 | _aCHEA VANNAK; ជា វណ្ណៈ | ||
| 245 | _aEffect of super ivomec on gastro intestinal parasite in cattle in angsnoul district, kandal province, ប្រសិទ្ធភាពSUPER IVOMEC លើវត្តមានបរាសិតក្នុងក្រពះពោះវៀនគោ នៅក្នុងស្រុកអង្គស្នួល ខេត្តកណ្ដាល | ||
| 260 |
_aPhnom Penh _bRUA _c2015 |
||
| 300 |
_axii,55p. _bill. _c29cm. |
||
| 856 | _uhttps://drive.google.com/file/d/14t3ZZk86aIpS3na1Fjus7f8bmjIbKKfF/view?usp=sharing | ||
| 942 | _cVEM | ||
| 999 |
_c8154 _d8154 |
||